Los contratos: parte general

Saved in:
Bibliographic Details
Main Author: López Santa María, Jorge (autor)
Format: Book
Language:Spanish
Published: Santiago Jurídica 1998
Subjects:
Tags: Add Tag
No Tags, Be the first to tag this record!

MARC

LEADER 00000nam a2200000 a 4500
001 UCR8193
003 CL-VaPUC
008 980529e19980000CL |||||||||||||||||spa|d
082 0 4 |a 346.022  |b LOP  |2 21 
100 |a López Santa María, Jorge  |e autor  |9 816080 
245 1 4 |a Los contratos: parte general 
300 |a 2 v 
942 |c BK 
945 |d 19980529 00:00:00  |a rbrito 
260 |a Santiago  |b Jurídica  |c 1998 
650 0 |a Contratos  |9 255153 
650 0 |a Historia  |9 255047 
650 0 |a Derecho romano  |9 255930 
650 0 |a Edad media  |9 258041 
650 0 |a Derecho comparado  |9 255664 
650 0 |a Código civil  |9 256135 
650 0 |a Recurso de casación  |9 258890 
650 0 |a Jurisprudencia  |9 255952 
583 |a last modification  |c 19980529 00:00:00  |k Rodrigo Vera 
999 |c 269721  |d 269719 
952 |0 0  |1 0  |4 0  |6 346_022000000000000_LOP_1998  |7 0  |8 A  |9 303600  |a BIBDER  |b BIBDER  |d 2019-11-20  |h v.2  |i 3429458  |o 346.022 LOP 1998  |p 3429458  |r 2023-01-25  |w 2019-11-20  |y BK  |k DER